[Event "Moscow Open 2012 A"]
[Site "Moscow RUS"]
[Date "2012.02.04"]
[Round "8.60"]
[White "Prokopchuk,Y"]
[Black "Sundararajan,K"]
[Result "0-1"]
[WhiteElo "2331"]
[BlackElo "2474"]

1.Nf3 Nf6 2.c4 b6 3.g3 c5 4.Bg2 Bb7 5.O-O g6 6.Nc3 Bg7 7.d4 cxd4 8.Qxd4 d6
9.Rd1 Nbd7 10.Qh4 Rc8 11.Bh6 Bxh6 12.Qxh6 Bxf3 13.Bxf3 Rxc4 14.Rac1 Ne5 15.Nb5 Rc5
16.Nxa7 Nxf3+ 17.exf3 Qa8 18.b4 Rxc1 19.Rxc1 Qxf3 20.Rc8+ Kd7 21.Rxh8 Qd1+
22.Kg2 Qd5+ 23.f3 Ng4 24.Rd8+ Ke6 25.Qh3 Qxa2+ 26.Kg1 Qf2+ 27.Kh1 Qxf3+ 28.Qg2 Qd1+
29.Qg1 Qf3+ 30.Qg2 Qd1+ 31.Qg1 Qe2 32.h3 Nf2+ 33.Kg2 Ng4+ 34.Kh1 Ne3 35.h4 Qf3+
36.Kh2 Qe2+ 37.Kh1 Qf3+ 38.Kh2 g5 39.Rg8 Qe2+ 40.Kh1 Qf3+ 41.Kh2 g4 42.Rxg4 Nxg4+
43.Kh3 Ne5 44.Qc1 Qg4+ 45.Kg2 Qe4+ 46.Kh3 f5 47.b5 Qg4+ 48.Kg2 Qc4 49.Qb2 Qe4+
50.Kg1 Qe3+ 51.Kh2 Ng4+ 52.Kg2 Qe4+ 53.Kg1 Ne5 54.Nc6 Nxc6 55.bxc6 Qxc6 56.Qh8 Qc5+
57.Kg2 Qd5+ 58.Kg1 Qd1+ 59.Kg2 Qe2+ 60.Kg1 Qe3+ 61.Kg2 Qe4+ 62.Kh2 f4 63.Qg8+ Kd7
64.Qg4+ Kc7 65.gxf4 b5 66.Qg5 b4 67.Qa5+ Kd7 68.Qa7+ Ke6 69.Kg3 b3 70.Qb8 Qd3+
71.Kg4 Qf5+ 72.Kg3 Qd3+ 73.Kg4 Kf7 74.h5 Qe2+ 75.Kh4 Qf2+ 76.Kg4 Qg2+ 77.Kh4 b2
78.Qb3+ d5 79.Qd1 Qe4 80.h6 Qxf4+ 81.Kh5 Qf5+ 82.Kh4 b1=Q 83.Qg1 Qbe4+  0-1

[Event "ch-TUR 2012"]
[Site "Kemer TUR"]
[Date "2012.02.05"]
[Round "10"]
[White "Gokcen,F"]
[Black "Civi,Akin"]
[Result "1/2-1/2"]
[WhiteElo "1938"]
[BlackElo "1537"]

1.Nf3 Nf6 2.c4 c5 3.g3 b6 4.Bg2 Bb7 5.O-O g6 6.Nc3 Bg7 7.d4 cxd4 8.Nxd4 Bxg2
9.Kxg2 Qc8 10.Be3 O-O 11.Rc1 Qxc4 12.f3 Na6 13.a3 Qc8 14.b4 Qb7 15.Bg5 Rac8
16.e4 d6 17.Qd2 Rfe8 18.Rc2 Nb8 19.Rfc1 Nc6 20.Nxc6 Rxc6 21.Bxf6 Bxf6 22.Nd5 Rec8
23.Nxf6+ exf6 24.b5 Rc5 25.g4 Qc7 26.Rxc5 dxc5 27.Rd1 Kf8 28.g5 fxg5 29.Qxg5 c4
30.Qf6 c3 31.Rd6 c2 32.Rc6 c1=Q 33.Qh8+ Ke7 34.Qf6+ Ke8 35.Qh8+ Kd7 36.Qd4+ Ke7
37.Qf6+  1/2-1/2

[Event "ACP Women Cup 2012"]
[Site "Tbilisi GEO"]
[Date "2012.02.21"]
[Round "9.3"]
[White "Cramling,P"]
[Black "Mamedjarova,Z"]
[Result "1-0"]
[WhiteElo "2491"]
[BlackElo "2318"]

1.Nf3 Nf6 2.c4 c5 3.g3 b6 4.Bg2 Bb7 5.O-O g6 6.d4 cxd4 7.Qxd4 Bg7 8.Nc3 O-O
9.Qh4 d6 10.Bh6 Nbd7 11.Rac1 Rc8 12.b3 Rc5 13.Bxg7 Kxg7 14.Rfd1 Qa8 15.Qd4 Rfc8
16.Ne1 Bxg2 17.Nxg2 Kg8 18.Ne3 Ne5 19.Ncd5 Nxd5 20.Nxd5 Qb7 21.f4 Ng4 22.h3 Nh6
23.Nc3 Rh5 24.h4 Qd7 25.Nd5 Nf5 26.Qf2 Re8 27.g4 Rxh4 28.gxf5 Rg4+ 29.Kf1 Qxf5
30.Ne3 Qxf4 31.Nxg4 Qxg4 32.Rc3 Rc8 33.Rg3 Qh5 34.Qf3 Qe5 35.Qe3 Qh5 36.Kg2 Rc5
37.Rh1 Qf5 38.Rf1 Qd7 39.Qf3 f6 40.Rh1 Re5 41.Rh4 Qe6 42.e3 Rf5 43.Rf4 Re5
44.Rh3 Rg5+ 45.Rg3 Ra5 46.a4 Qe5 47.Re4 Qb2+ 48.Qf2 Qxb3 49.Rxe7 Rf5 50.Qe2 Qxa4
51.e4 Qc6 52.Qd3 a5 53.Qe3 a4 54.Qh6  1-0

[Event "2nd HD Bank Cup 2012"]
[Site "Ho Chi Minh City VIE"]
[Date "2012.03.02"]
[Round "1.15"]
[White "Nguyen Van Huy"]
[Black "Pham Bich Ngoc"]
[Result "1-0"]
[WhiteElo "2485"]
[BlackElo "2155"]

1.Nf3 c5 2.c4 Nf6 3.g3 b6 4.Bg2 Bb7 5.O-O g6 6.Nc3 Bg7 7.d4 cxd4 8.Qxd4 O-O
9.Qh4 d6 10.Bh6 Nbd7 11.Rac1 Rc8 12.b3 a6 13.Bxg7 Kxg7 14.Qd4 Qc7 15.Bh3 Qc5
16.Qd2 Qh5 17.Bxd7 Nxd7 18.Nd5 Bxd5 19.cxd5 Nf6 20.Qd3 Nxd5 21.Qd4+ Nf6 22.Qxb6 Qb5
23.Qe3 Qb7 24.Rfd1 h5 25.h3 Rfe8 26.a3 a5 27.Nd4 e5 28.Nf5+ gxf5 29.Qg5+ Kf8
30.Qxf6 Rxc1 31.Rxc1 f4 32.gxf4 exf4 33.Qxd6+ Kg7 34.Rc5 Re6 35.Qd4+ Kf8
36.Rd5 Rg6+ 37.Kh2 f3 38.exf3 Qc7+ 39.f4 Ke8 40.Qe5+ Qxe5 41.Rxe5+  1-0

[Event "Reykjavik Open"]
[Site "Reykjavik ISL"]
[Date "2012.03.10"]
[Round "5.34"]
[White "Johannesson,I"]
[Black "Bjornsson,Sv"]
[Result "1/2-1/2"]
[WhiteElo "2331"]
[BlackElo "2153"]

1.Nf3 Nf6 2.c4 c5 3.g3 b6 4.Bg2 Bb7 5.O-O g6 6.d4 cxd4 7.Qxd4 Bg7 8.Nc3 Nc6
9.Qf4 O-O 10.Rd1 Rc8 11.Bd2 h6 12.Rac1 d6 13.b3 Qd7 14.Nd5 g5 15.Nxf6+ Bxf6
16.Qe3 Qe6 17.Qd3 Ne5 18.Nxe5 Bxg2 19.Kxg2 Qxe5 20.Bc3 Qe6 21.Qf3 g4 22.Qf4 Bg5
23.Qd4 Bf6 24.Qd2 Bg5  1/2-1/2

[Event "TCh-AUT 2 Ost 2011-12"]
[Site "Vienna AUT"]
[Date "2012.03.17"]
[Round "8"]
[White "Juhasz,Kr"]
[Black "Neumeier,K"]
[Result "1/2-1/2"]
[WhiteElo "2357"]
[BlackElo "2293"]

1.Nf3 Nf6 2.c4 b6 3.g3 c5 4.Bg2 Bb7 5.O-O g6 6.Nc3 Bg7 7.d3 O-O 8.e4 d6 9.h3 Nc6
10.Be3 Ne8 11.d4 cxd4 12.Nxd4 Nxd4 13.Bxd4 Rc8 14.b3 Nc7 15.Bxg7 Kxg7 16.f4 Ne6
17.Qd2 Qc7 18.Rad1 Nc5 19.Nd5 Bxd5 20.cxd5 b5 21.Rc1 Qb6 22.Qd4+ f6 23.Kh2 Nd7
24.Qxb6 Nxb6 25.Rfd1 Rxc1 26.Rxc1 Rc8 27.Rxc8 Nxc8 28.Kg1 Kf7 29.h4 h6 30.Kf2 Nb6
31.Bh3 b4 32.Ke3 a5 33.Kd4 Kg7 34.e5 fxe5+ 35.fxe5 h5 36.Be6 Kh6 37.Ke4 a4
38.Kd4  1/2-1/2

[Event "13th EICC"]
[Site "Plovdiv BUL"]
[Date "2012.03.23"]
[Round "4.132"]
[White "Pop,A"]
[Black "Smirnov,Arte"]
[Result "1/2-1/2"]
[WhiteElo "2272"]
[BlackElo "2436"]

1.Nf3 Nf6 2.c4 b6 3.g3 c5 4.Bg2 Bb7 5.O-O g6 6.Nc3 Bg7 7.d4 cxd4 8.Nxd4 Bxg2
9.Kxg2 Qc8 10.b3 Qb7+ 11.Kg1 O-O 12.Bb2 d5 13.Nxd5 Nxd5 14.cxd5 Qxd5 15.Rc1 Rd8
16.Nb5 Na6 17.Qxd5 Rxd5 18.Bxg7 Kxg7 19.Nc7 Nxc7 20.Rxc7 Rd2 21.Rxe7 Rc8
22.Rxa7 Rxe2 23.Ra6 b5 24.Ra5 Rcc2 25.a3 Ra2 26.Kg2 b4 27.axb4 Rab2 28.Ra3 Rec2
29.b5 Rc3 30.Re1 Rcc2 31.Rf1 Rc3 32.Re1 Rcc2 33.Rf1  1/2-1/2

[Event "13th EICC"]
[Site "Plovdiv BUL"]
[Date "2012.03.31"]
[Round "11.147"]
[White "Pantic,I"]
[Black "Ljangov,P"]
[Result "0-1"]
[WhiteElo "2242"]
[BlackElo "2089"]

1.Nf3 Nf6 2.c4 b6 3.g3 c5 4.Bg2 Bb7 5.O-O g6 6.Nc3 Bg7 7.d4 cxd4 8.Qxd4 O-O
9.Qh4 d6 10.Bh6 Nbd7 11.Nd5 Rc8 12.Ng5 Bxd5 13.Bxd5 Bxh6 14.Qxh6 e6 15.Bxe6 fxe6
16.Nxe6 Qe7 17.Nxf8 Qxf8 18.Qxf8+ Kxf8 19.b3 Re8 20.Rfe1 Re5 21.f3 b5 22.Rac1 b4
23.a4 Nc5 24.Kf2 Nfd7 25.Rb1 Nb8 26.Red1 Ke7 27.Rd5 Nc6 28.e4 Na5 29.Rbd1 Rxd5
30.cxd5 Naxb3 31.Rb1 Na5 32.Ke3 b3 33.Kd4 Nxa4 34.f4 b2 35.g4 Nb3+ 36.Kd3 Nbc5+
37.Ke3 Nxe4 38.Kd3 Nec3  0-1

[Event "13th EICC"]
[Site "Plovdiv BUL"]
[Date "2012.03.31"]
[Round "11.59"]
[White "Mamedov,Rau"]
[Black "Zoler,D"]
[Result "1/2-1/2"]
[WhiteElo "2624"]
[BlackElo "2541"]

1.c4 c5 2.Nf3 Nf6 3.g3 b6 4.Bg2 Bb7 5.O-O g6 6.Nc3 Bg7 7.d3 O-O 8.e4 d6 9.Rb1 Nc6
10.a3 Rb8 11.Bf4 Nd7 12.Qd2 Nd4 13.Bg5 Re8 14.Nxd4 Bxd4 15.Nb5 f6 16.Bh6 a6
17.Nxd4 cxd4 18.f4 b5 19.cxb5 axb5 20.Qb4 Qb6 21.Rbc1 e6 22.a4 Ra8 23.Qxb5 Qxb5
24.axb5 Rec8 25.e5 Bxg2 26.Kxg2 dxe5 27.Rc6 Nc5 28.fxe5 Nxd3 29.exf6 Kf7
30.Rd1 Nb4 31.Rxc8 Rxc8 32.Rxd4 Nd5 33.Bg7 Rc2+ 34.Kf3 Rxb2 35.Ra4 g5 36.h4 gxh4
37.gxh4 Rb3+ 38.Kg2 Rb2+ 39.Kg3 Rb3+ 40.Kg2 Rb2+ 41.Kg3  1/2-1/2

[Event "O2C Doeberl Cup Premier 2012"]
[Site "Canberra AUS"]
[Date "2012.04.05"]
[Round "2.6"]
[White "Bjelobrk,I"]
[Black "Xie,G"]
[Result "0-1"]
[WhiteElo "2326"]
[BlackElo "2456"]

1.Nf3 Nf6 2.g3 b6 3.Bg2 Bb7 4.O-O c5 5.c4 g6 6.d4 cxd4 7.Qxd4 Bg7 8.Nc3 Nc6
9.Qf4 Rc8 10.Bd2 d5 11.cxd5 Nxd5 12.Nxd5 Qxd5 13.Ng5 Nd4 14.Qe4 Qxe4 15.Nxe4 Nxe2+
16.Kh1 O-O 17.Rfe1 Nd4 18.Rac1 Nc2 19.Nf6+ Bxf6 20.Bxb7 Nxe1  0-1

[Event "39th La Roda Open"]
[Site "La Roda ESP"]
[Date "2012.04.05"]
[Round "2"]
[White "Sos Andreu,E"]
[Black "Cruz,Cr"]
[Result "0-1"]
[WhiteElo "2143"]
[BlackElo "2508"]

1.c4 Nf6 2.Nf3 c5 3.g3 b6 4.Bg2 Bb7 5.O-O g6 6.Nc3 Bg7 7.d4 cxd4 8.Qxd4 d6
9.Bd2 Nbd7 10.Rac1 Rc8 11.b3 O-O 12.Qh4 Rc5 13.g4 Qa8 14.Qg3 a6 15.h3 b5
16.Be3 Rc7 17.cxb5 Rxc3  0-1

[Event "69th ch-GEO w"]
[Site "Anaklia GEO"]
[Date "2012.05.05"]
[Round "7.4"]
[White "Guramishvili,S"]
[Black "Arabidze,M"]
[Result "0-1"]
[WhiteElo "2395"]
[BlackElo "2337"]

1.Nf3 Nf6 2.c4 c5 3.g3 b6 4.Bg2 Bb7 5.O-O g6 6.Nc3 Bg7 7.Re1 d6 8.e4 e5 9.a3 Nc6
10.Rb1 Nd4 11.Nxd4 cxd4 12.Nd5 Nxd5 13.exd5 O-O 14.d3 Qd7 15.b4 b5 16.cxb5 Qxb5
17.a4 Qd7 18.b5 Rac8 19.Bd2 f5 20.Qb3 Qf7 21.f4 g5 22.Rbc1 Rxc1 23.Rxc1 gxf4
24.gxf4 Re8 25.fxe5 dxe5 26.Ba5 e4 27.dxe4 fxe4 28.Rc7 Bxd5 29.Qg3 Qf6 30.Bd2 Bf7
31.Rc6 Qe5 32.Bf4 Qh5 33.Bh6 Bg6 34.Bxg7 Kxg7 35.Rc7+ Kg8 36.Qb3+ Bf7 37.Qg3+ Bg6
38.Qb3+ Kh8 39.Rxa7 e3 40.Bf1 Qg5+  0-1

[Event "16th Voronezh Master Open"]
[Site "Voronezh RUS"]
[Date "2012.06.13"]
[Round "2.8"]
[White "Predke,A"]
[Black "Dvoirys,S"]
[Result "1/2-1/2"]
[WhiteElo "2454"]
[BlackElo "2572"]

1.Nf3 Nf6 2.c4 b6 3.g3 Bb7 4.Bg2 c5 5.O-O g6 6.Nc3 Bg7 7.d4 cxd4 8.Qxd4 Nc6
9.Qd3 Rc8 10.b3 d5 11.Bb2 Nb4 12.Qb1 dxc4 13.Rd1 Qc7 14.Nb5 Qc5 15.bxc4 Be4
16.Bxf6 Bxb1 17.Bxg7 Bc2 18.Rdc1 Rg8 19.Bd4 Qf5 20.Bc3 Rxc4 21.Nbd4 Qc5 22.Bxb4 Qxb4
23.Nxc2 Qa5 24.Ncd4 Rxc1+ 25.Rxc1 Kf8 26.Rc7 Qxa2 27.h4 a5 28.Ra7 a4 29.Nc6 Qxe2  1/2-1/2

[Event "NIKI Open 2012"]
[Site "Nachod CZE"]
[Date "2012.07.02"]
[Round "3.11"]
[White "Groh,Jiri1"]
[Black "Cernik,L"]
[Result "0-1"]
[WhiteElo "2054"]
[BlackElo "2194"]

1.c4 Nf6 2.Nf3 c5 3.g3 b6 4.Bg2 Bb7 5.O-O g6 6.b3 Bg7 7.Bb2 O-O 8.d4 cxd4
9.Nxd4 Bxg2 10.Kxg2 d5 11.Nd2 e5 12.Nc2 d4 13.f4 exf4 14.Rxf4 Nh5 15.Rf3 Nc6
16.Rd3 Re8 17.Nf3 Qe7 18.Kf2 Nf6 19.Ncxd4 Ng4+ 20.Kg1 Qe4 21.Nxc6 Bxb2 22.Rb1 Bg7
23.Nb4 Qxe2 24.Qxe2 Rxe2 25.Re1 Rae8 26.Rxe2 Rxe2 27.Rd8+ Bf8 28.h3 Nf6 29.a4 Kg7
30.Nd3 Ne4 31.Rd7 Nc5 32.Kf1 Re3 33.Nxc5 Bxc5 34.Ng5 Be7 35.h4 a5 36.Rb7 Bxg5
37.hxg5 Rxb3 38.c5 Rxg3 39.cxb6 Rg4 40.Ra7 Rxa4 41.b7 Rb4 42.Ke2 a4 43.Kd3 a3
44.Kc3 Rb1 45.Kd4 a2 46.Kc5 Rxb7 47.Rxa2 h6 48.gxh6+ Kxh6 49.Kd6 Rb1 50.Ke7 Kg7
51.Re2 g5 52.Kd6 Kg6 53.Ke7 Rb6 54.Ra2 f5 55.Ra8 f4  0-1

[Event "40th TCh-GRE 2012"]
[Site "Achaea GRE"]
[Date "2012.07.03"]
[Round "5.1"]
[White "Papathanasiou,E"]
[Black "Salahidi,Reveka"]
[Result "1-0"]
[WhiteElo "1922"]
[BlackElo "1596"]

1.Nf3 c5 2.c4 Nf6 3.g3 b6 4.Bg2 Bb7 5.O-O g6 6.Nc3 Bg7 7.d4 O-O 8.d5 d6 9.Re1 a6
10.e4 Nbd7 11.Bf4 Nh5 12.e5 Nxf4 13.gxf4 Bh6 14.exd6 exd6 15.Qd2 Qf6 16.Ng5 Qd8
17.Re2 b5 18.cxb5 axb5 19.Rae1 b4 20.Nce4 Nb6 21.Ng3 Bxg5 22.fxg5 Nc4 23.Qf4 Ne5
24.Ne4 h5 25.Nf6+ Kg7 26.Rxe5  1-0

[Event "40th TCh-GRE 2012"]
[Site "Achaea GRE"]
[Date "2012.07.05"]
[Round "7.14"]
[White "Managadze,N"]
[Black "Gazis,Ef"]
[Result "1/2-1/2"]
[WhiteElo "2472"]
[BlackElo "2310"]

1.Nf3 Nf6 2.g3 b6 3.Bg2 Bb7 4.O-O c5 5.c4 g6 6.d3 Bg7 7.e4 O-O 8.Nc3 d6 9.Ne1 Nc6
10.f4 e6 11.g4 Nd7 12.Nc2 a6 13.g5 Nd4 14.Nxd4 Bxd4+ 15.Kh1 f6 16.gxf6 Qxf6
17.Qe1 Bc6 18.Rb1 Qg7 19.Ne2 Bf6 20.b3 Bb7 21.Be3 Qe7 22.b4 Rab8 23.bxc5 dxc5
24.Qg3 Bg7 25.h4 Nf6 26.Bf3 Kh8 27.Kh2 Ba8 28.Rb3 Bh6 29.Bc1 b5 30.cxb5 Rxb5
31.Rxb5 axb5 32.Bb2 Bg7 33.Kh3 c4 34.Bxf6 Qxf6 35.dxc4 e5 36.fxe5 Qe6+ 37.Bg4 Qxc4
38.Rxf8+ Bxf8 39.Qf3 Bg7 40.Ng3 Qxa2 41.Bd7 Qg8 42.e6 Qf8 43.Qxf8+ Bxf8 44.Bxb5 Kg7
45.e5 Ba3 46.h5 Bd5 47.Bd7 Kf8 48.hxg6 hxg6 49.Ne2 Ke7 50.Kg4 Bxe6+  1/2-1/2

[Event "34th Oberwart Open A"]
[Site "Oberwart AUT"]
[Date "2012.07.07"]
[Round "1.12"]
[White "Gasser,Kl"]
[Black "Schachinger,M"]
[Result "0-1"]
[WhiteElo "2043"]
[BlackElo "2382"]

1.Nf3 Nf6 2.c4 b6 3.g3 Bb7 4.Bg2 c5 5.O-O g6 6.d4 cxd4 7.Nxd4 Bxg2 8.Kxg2 Bg7
9.Nc3 O-O 10.b3 d5 11.cxd5 Nxd5 12.Bb2 Nxc3 13.Bxc3 Qc8 14.Qc1 Rd8 15.e3 Nc6
16.Ne2 Ne5 17.Bd4 Qb7+ 18.f3 Rac8 19.Qb2 Ng4 20.Bxg7 Rc2 21.Qb1 Rxe2+ 22.Kh3 Nxe3  0-1

[Event "34th Oberwart Open A"]
[Site "Oberwart AUT"]
[Date "2012.07.09"]
[Round "3.23"]
[White "Gasser,Kl"]
[Black "Neumeier,K"]
[Result "0-1"]
[WhiteElo "2043"]
[BlackElo "2248"]

1.Nf3 Nf6 2.c4 b6 3.g3 c5 4.Bg2 Bb7 5.O-O g6 6.b3 Bg7 7.Bb2 O-O 8.e3 d5 9.cxd5 Qxd5
10.Nc3 Qh5 11.Qe2 Ne4 12.Rfe1 Rd8 13.Rad1 Ba6  0-1

[Event "87th ch-Paris IdF Open"]
[Site "Paris FRA"]
[Date "2012.07.13"]
[Round "7.1"]
[White "Strikovic,A"]
[Black "Fedorchuk,S"]
[Result "1/2-1/2"]
[WhiteElo "2559"]
[BlackElo "2630"]

1.c4 Nf6 2.Nf3 b6 3.g3 c5 4.Bg2 Bb7 5.O-O g6 6.b3 Bg7 7.Bb2 O-O 8.d3 d6 9.Nc3 a6
10.a3 Nc6 11.Rb1 Rb8 12.Nd5  1/2-1/2

[Event "34th Oberwart Open A"]
[Site "Oberwart AUT"]
[Date "2012.07.15"]
[Round "9.16"]
[White "Platzgummer,F"]
[Black "Neumeier,K"]
[Result "1/2-1/2"]
[WhiteElo "2311"]
[BlackElo "2248"]

1.Nf3 Nf6 2.c4 b6 3.g3 c5 4.Bg2 Bb7 5.O-O g6 6.e3 Bg7 7.d4 cxd4 8.exd4 d5
9.Ne5 O-O 10.Nc3 e6 11.Bg5 h6 12.Bxf6 Bxf6 13.cxd5 exd5 14.Qa4 Qd6 15.Rad1 Bg7
16.Rfe1 Na6 17.Nb5 Qd8 18.Qa3 Nc7 19.Nd6 Ba6 20.Bh3 Nb5 21.Qxa6 Nxd6 22.Nc6 Qf6
23.Ne7+ Kh7 24.Nxd5 Qg5 25.Bg2 Rae8 26.Rxe8 Rxe8 27.Qxa7 Qg4 28.Rf1 Bxd4
29.Qxb6 Bxb6 30.Nf6+ Kg7 31.Nxg4 Re2 32.Rb1 Nc4 33.Bf1 Rxb2 34.Rxb2 Nxb2
35.Ne3 Na4 36.Kg2 Nc3 37.Bc4 f5 38.Bb3 Kf6 39.a4 g5 40.Nc4 Bc5 41.a5 Nb5
42.Ba4 Nd4 43.a6 Ke6 44.Na5 Bb6 45.Nc6 Ba7 46.h4 Bb6 47.hxg5  1/2-1/2

[Event "87th ch-Paris IdF Open"]
[Site "Paris FRA"]
[Date "2012.07.15"]
[Round "9.2"]
[White "Strikovic,A"]
[Black "Shchekachev,A"]
[Result "1/2-1/2"]
[WhiteElo "2559"]
[BlackElo "2528"]

1.c4 Nf6 2.Nf3 b6 3.g3 c5 4.Bg2 Bb7 5.O-O g6 6.d4 cxd4 7.Qxd4 Bg7 8.Nc3 d6
9.b3 Nbd7 10.Bb2 O-O 11.Rfd1  1/2-1/2

[Event "87th ch-Paris IdF Open"]
[Site "Paris FRA"]
[Date "2012.07.15"]
[Round "9.1"]
[White "Moussard,J"]
[Black "Fedorchuk,S"]
[Result "1/2-1/2"]
[WhiteElo "2412"]
[BlackElo "2630"]

1.Nf3 Nf6 2.g3 b6 3.Bg2 Bb7 4.O-O c5 5.c4 g6 6.d4 cxd4 7.Qxd4 Bg7 8.Nc3 d6
9.Rd1 Nbd7 10.b3 Rc8  1/2-1/2

[Event "72nd ch-ITA S/F 2012"]
[Site "Civitanova Marche ITA"]
[Date "2012.07.16"]
[Round "2"]
[White "Scalcione,M"]
[Black "Vezzosi,P"]
[Result "0-1"]
[WhiteElo "2346"]
[BlackElo "2293"]

1.Nf3 Nf6 2.c4 b6 3.g3 Bb7 4.Bg2 c5 5.O-O g6 6.b3 Bg7 7.Bb2 O-O 8.d3 d6 9.e4 Nc6
10.Nbd2 Ne8 11.Bxg7 Nxg7 12.Nh4 e5 13.Ndf3 f5 14.exf5 g5 15.g4 gxh4 16.Nd2 h3
17.Bd5+ Kh8 18.Ne4 Rb8 19.f4 exf4 20.Rxf4 Nd4 21.Qd2 Bxd5 22.cxd5 Ne8 23.g5 Rxf5
24.Rxf5 Nxf5 25.Rf1 Neg7 26.Nf6 Qe7 27.Rf3 Rf8 28.Rxh3 Rxf6 29.gxf6 Qxf6
30.Qf2 Qe5 31.Qf3 Qa1+ 32.Qf1 Qd4+ 33.Qf2 Qxd5 34.Rf3 Qe5 35.Rf4 d5 36.h3 h5
37.Kh1 Kg8 38.Kg1 a5 39.Kh1 Kh7 40.Kg1 Kg6 41.Qg2+ Kf6 42.Rf2 h4 43.Qg4 Qg3+
44.Rg2 Qe1+ 45.Kh2 Qe5+ 46.Kg1 Qd4+ 47.Kh2 Qxg4 48.Rxg4 b5 49.Kg1 b4 50.Kf2 Ne6
51.Rg8 Nf4 52.Rf8+ Ke6 53.Re8+ Kd7 54.Rf8 Nxd3+ 55.Ke2 Nf4+ 56.Kf3 Ne6 57.Rf7+ Kd6
58.Kg4 Ned4 59.Ra7 c4 60.Ra6+ Nc6  0-1

[Event "ch-SUI Hauptturnier 1 2012"]
[Site "Flims SUI"]
[Date "2012.07.16"]
[Round "5"]
[White "Zuelle,B"]
[Black "Antognini,F"]
[Result "1/2-1/2"]
[WhiteElo "2096"]
[BlackElo "2272"]

1.Nf3 Nf6 2.c4 b6 3.g3 c5 4.Bg2 Bb7 5.O-O g6 6.d4 cxd4 7.Qxd4 Bg7 8.Nc3 d6
9.Rd1 Nbd7 10.Nd5 Rc8 11.Nd2 Bxd5 12.cxd5 O-O 13.Nf3 Rc5 14.Qh4 Rxd5 15.Rxd5 Nxd5
16.Bh6 N5f6 17.Bxg7 Kxg7 18.Qa4 Qc7 19.Nd4 d5 20.Qc6 Qe5 21.e3 e6 22.b4 Rd8
23.Rc1 Qb8 24.Qc3 Qb7 25.Qc7 Qb8 26.Qc3 Qb7 27.Qc7 Qb8  1/2-1/2

[Event "Turkish Bank Chess League 2012"]
[Site "Konya TUR"]
[Date "2012.07.16"]
[Round "7"]
[White "Bayram,Y"]
[Black "Sengul,C"]
[Result "1/2-1/2"]
[WhiteElo "2281"]
[BlackElo "2194"]

1.Nf3 Nf6 2.g3 b6 3.Bg2 Bb7 4.O-O c5 5.c4 g6 6.Nc3 Bg7 7.d3 d6 8.Rb1 O-O
9.Bd2 Nbd7 10.a3 Qc8 11.Qc1 Re8 12.Bh6 d5 13.Bxg7 Kxg7 14.cxd5 Nxd5 15.Ne4 N7f6
16.Ned2 Qd7 17.Nc4 Rad8 18.b3 Qc8 19.Qb2 Kg8 20.h3 Nc7 21.Nce5 Ne6 22.h4 Nd4
23.Nxd4 Bxg2 24.Kxg2 Rxd4 25.Nf3 Rd7 26.Rfc1 Qb7 27.Kg1 Ng4 28.Rc4 h5 29.Rbc1 Red8
30.Ne5 Nxe5 31.Qxe5 Qd5 32.Qb2 Qe6 33.b4 cxb4 34.Rxb4 Rd5 35.Rbc4 Qe5 36.Qd2 Kg7
37.Rc7 R5d7 38.R7c2 Qd6 39.Qc3+ Qf6 40.Qb3 Rd5 41.Rc6 Qe5 42.Kf1 Rb5 43.Qc3 Qxc3
44.R1xc3 Rd7 45.R3c4 Rbd5 46.Ke1 e6 47.Kd2 Kf6 48.a4 Ke7 49.Kc3 R5d6 50.Rc8 Rd8
51.R8c7+ R8d7 52.Kb4 Rd5 53.Rc8 Re5 54.Rc2 Rd4+ 55.Kb3 Ra5 56.R8c7+ Rd7 57.e4 Kd8
58.Rc8+ Ke7 59.R2c7 b5 60.axb5 Rxb5+ 61.Kc3 Rb1 62.Rxd7+ Kxd7 63.Ra8 Ra1
64.Kd4 Ke7 65.f4 Kf6 66.Ke3 Ra3 67.Rd8 Ke7 68.Rb8 Ra1 69.Rb7+ Kf6 70.e5+  1/2-1/2

[Event "7th Nana Aleksandria Cup"]
[Site "Poti GEO"]
[Date "2012.07.16"]
[Round "4.3"]
[White "Shalamberidze,A"]
[Black "Hayrapetian,O"]
[Result "1/2-1/2"]
[WhiteElo "2342"]
[BlackElo "2458"]

1.c4 Nf6 2.Nf3 b6 3.g3 Bb7 4.Bg2 c5 5.O-O g6 6.Nc3 Bg7 7.Re1 d5 8.d4 dxc4
9.Qa4+ Nbd7 10.dxc5 Qc8 11.Qxc4 Qxc5 12.Qh4 O-O 13.e4 e5 14.h3 Rfe8 15.Bh6 Qf8
16.Bxg7 Qxg7 17.Qg5 Nc5 18.Nh2 Rad8 19.Ng4 Nxg4 20.hxg4 Ne6 21.Qe3 Nd4 22.Rac1 Qf6
23.Nd5 Qd6 24.g5 Kg7 25.Rc3 Rc8 26.Rec1 Rxc3 27.Rxc3 Bxd5 28.exd5 Qb4 29.Rc7 Qxb2
30.Rxa7 Nf5 31.Qa3 Qa1+ 32.Kh2 Qd4 33.Qa4 b5 34.Qa6 e4 35.Rd7 h6 36.Qa7 Qxa7
37.gxh6+ Kf6 38.Rxa7 Nd6 39.Bf1 Rh8 40.Ra5 Rxh6+ 41.Kg2 Rh5 42.Bxb5 Rxd5
43.a4 Ke5 44.Ra7 f5 45.Bf1 g5 46.a5 Rd2 47.a6 f4 48.gxf4+ gxf4 49.Re7+ Kd5  1/2-1/2

[Event "16th Battle of Senta Open A"]
[Site "Senta SRB"]
[Date "2012.07.17"]
[Round "5.17"]
[White "Szabados,K"]
[Black "Stojkovska,M"]
[Result "1/2-1/2"]
[WhiteElo "2091"]
[BlackElo "1909"]

1.Nf3 Nf6 2.c4 c5 3.g3 b6 4.Bg2 Bb7 5.O-O g6 6.Nc3 Bg7 7.d3 O-O 8.Bd2 d6
9.a3 Nc6 10.Rb1 a5 11.e4 e5 12.Bg5 h6 13.Bxf6 Bxf6 14.Nd5 Bg7 15.b4 axb4
16.axb4 Nd4 17.Nxd4 Bxd5 18.cxd5 cxd4 19.Qb3 Qd7 20.Rfc1 Rfc8 21.b5 Rc5 22.Rxc5 dxc5
23.Bf3 Ra5 24.Kg2 Bf8 25.Bd1 Bd6 26.Qb2 Qa7 27.Qe2 Ra2 28.Rb2 Rxb2 29.Qxb2 Qa5
30.Qb3 Kg7 31.Bc2 Qb4 32.h4 Qxb3 33.Bxb3 h5  1/2-1/2

[Event "ch-SUI Hauptturnier 1 2012"]
[Site "Flims SUI"]
[Date "2012.07.19"]
[Round "8"]
[White "Seps,M"]
[Black "Jurek,J"]
[Result "0-1"]
[WhiteElo "2193"]
[BlackElo "2328"]

1.Nf3 Nf6 2.c4 b6 3.g3 c5 4.Bg2 Bb7 5.O-O g6 6.Nc3 Bg7 7.d3 O-O 8.Bd2 e6
9.Qc1 d5 10.cxd5 exd5 11.Bg5 d4 12.Ne4 Nbd7 13.Qf4 Nd5 14.Qh4 f6 15.Bh6 Qe7
16.Bxg7 Kxg7 17.Rae1 Rae8 18.a3 h6 19.g4 Nf4 20.Qg3 Nxg2 21.Qxg2 Bxe4 22.dxe4 Qxe4
23.b4 Ne5 24.Nxe5 Qxg2+ 25.Kxg2 Rxe5 26.bxc5 Rxc5 27.Rd1 Rc3 28.Rd3 Rxd3
29.exd3 Rc8 30.Re1 Kf7 31.Re4 Rc3 32.a4 Rxd3 33.Kf1 f5 34.gxf5 gxf5 35.Rh4 Kg6
36.Ke2 Kg5 37.Rxh6 Ra3 38.Rh7 Rxa4 39.Kd3 a5 40.Rg7+ Kf6 41.Rg1 Ke5 42.h4 b5
43.Rh1 Ra3+ 44.Ke2 Ke4 45.f3+ Rxf3 46.h5 Rc3 47.h6 Rc2+ 48.Kd1 Rc8 49.Kd2 Rh8
50.Re1+ Kd5 51.Rh1 Rh7 52.Kd3 Ke5 53.Rh2 a4 54.Re2+ Kf6 55.Kxd4 Rxh6 56.Kc5 f4
57.Kxb5 Kf5 58.Kxa4 Rg6  0-1

[Event "Grand Prix FFE Aix 2012"]
[Site "Aix les Bains FRA"]
[Date "2012.07.21"]
[Round "8.4"]
[White "Shchekachev,A"]
[Black "Vachier Lagrave,M"]
[Result "1-0"]
[WhiteElo "2528"]
[BlackElo "2686"]

1.Nf3 Nf6 2.c4 b6 3.g3 c5 4.Bg2 Bb7 5.O-O g6 6.d4 cxd4 7.Qxd4 Bg7 8.Nc3 Nc6
9.Qd3 Rc8 10.Rd1 Nb4 11.Qd2 O-O 12.b3 Ne4 13.Nxe4 Bxa1 14.Nfg5 Bxe4 15.Bxe4 Nc6
16.Qf4 Bg7 17.Qh4 h6 18.Nf3 e6 19.Qh3 Qf6 20.Bxh6 Bxh6 21.Qxh6 Rfd8 22.Rd6 Ne5
23.Qd2 Nxf3+ 24.Bxf3 Rc7 25.h4 Kf8 26.Kg2 Ke7 27.Qb4 Rc5 28.Rd2 d6 29.Rd1 Qb2
30.a3 Qe5 31.a4 g5 32.hxg5 Qxg5 33.Rh1 Qf6 34.Qd2 Rh8 35.Rd1 Qe5 36.Kg1 Rcc8
37.Bg2 a5 38.e3 Qc5 39.Qb2 Rh6 40.Qd2 Rg8 41.Qe2 Qb4 42.Qd3 Qc5 43.Qe4 Rd8
44.Qf4 Rf6 45.Qh4 Rg8 46.Qe4 Rd8 47.Qh4 Qe5 48.Rd4 Kd7 49.Be4 Rg8 50.f4 Rxf4
51.Qxf4 Rxg3+ 52.Kf2  1-0

[Event "72nd ch-ITA S/F 2012"]
[Site "Civitanova Marche ITA"]
[Date "2012.07.22"]
[Round "9"]
[White "Bruno,Fabi"]
[Black "Contin,D"]
[Result "1-0"]
[WhiteElo "2423"]
[BlackElo "2346"]

1.Nf3 Nf6 2.c4 c5 3.g3 b6 4.Bg2 Bb7 5.O-O g6 6.Nc3 Bg7 7.d4 cxd4 8.Qxd4 d6
9.Rd1 Nbd7 10.Be3 Nc5 11.Rac1 Qc8 12.Nd5 Nh5 13.Qd2 Qd7 14.Bh6 Ne4 15.Qe3 Bxh6
16.Qxh6 e6 17.Nc3 Nhf6 18.Nb5 a6 19.Nxd6+ Nxd6 20.Qg7 Ke7 21.Ne5 Qe8 22.Rxd6 Rg8
23.Qh6 Bxg2 24.Rcd1 Bd5 25.Rxb6 Qa4 26.b3 Qa5 27.cxd5 Qxb6 28.d6+ Ke8 29.Qf4 Qd8
30.d7+ Kf8 31.Nc6 Qb6 32.Qxf6  1-0

[Event "CECLUB 1st Div GpA 2012"]
[Site "Don Benito ESP"]
[Date "2012.07.30"]
[Round "1"]
[White "Rakhmanov,Ale"]
[Black "Quesada Perez,Yu"]
[Result "1/2-1/2"]
[WhiteElo "2588"]
[BlackElo "2626"]

1.Nf3 Nf6 2.c4 b6 3.g3 c5 4.Bg2 Bb7 5.O-O g6 6.d4 cxd4 7.Qxd4 Bg7 8.Nc3 d6
9.Rd1 Nbd7 10.b3 Rc8 11.Bb2 O-O 12.Rac1 Ne4 13.Qe3 Nxc3 14.Bxc3 Nf6 15.a4 Qc7
16.Ne1 Rfe8 17.Nd3 Bxg2 18.Kxg2 Qb7+ 19.Qf3 Qxf3+ 20.Kxf3 Nd7 21.Bxg7 Kxg7
22.Nb4 Nc5 23.Rc3 f5 24.Nd5 Kf7 25.Ne3 Red8 26.Ra1 a5 27.Rd1 e6 28.Nc2 Rd7
29.Na3 Ke7 30.Nb5 g5 31.Kg2 h5 32.Re3 Rcd8 33.Rb1 Ra8 34.b4 axb4 35.Rxb4 Kf6
36.Ra3 g4 37.Nc3 Ra6 38.Ra1 Ke7 39.h3 Kf6 40.Rab1 Ra8 41.Rh1 Kg7 42.Rxb6 Nxa4
43.Nxa4 Rxa4 44.hxg4 hxg4 45.c5 Kf6 46.cxd6 Rd4 47.Rh6+ Ke5 48.Rb5+ Rd5 49.Rb3 R5xd6
50.Re3+ Kd5 51.Rd3+ Kc5 52.Rxe6 Rxd3 53.exd3 Rxd3 54.Rf6 Rf3 55.Ra6 Kd5  1/2-1/2